00000000nam 2200000zi 4500
0019.946625
003CaOODSP
00520250115131920
006m     o  d f      
007cr |n|||||||||
008250108s1977    oncbdo  ob   f000 0 eng d
040 |aCaOODSP|beng|erda|cCaOODSP
043 |an-cn-bc|an-cn-ab
0861 |aEn57-46/30E-PDF
1001 |aJanz, B., |eauthor.
24514|aThe climate of the contiguous mountain parks : |bBanff, Jasper, Yoho, Kootenay / |cprepared in Edmonton, Alberta by B. Janz and D. Storr.
24634|aClimate of the contiguous mountain parks : |bBanff, Jasper, Kootenay, Yoho
264 1|aToronto : |bApplications and Consultation Division, Meteorological Applications Branch, |c1977.
300 |a1 online resource (xvi, 324 pages, 2 unnumbered pages) : |bmaps, charts, photographs.
336 |atext|btxt|2rdacontent
337 |acomputer|bc|2rdamedia
338 |aonline resource|bcr|2rdacarrier
4901 |aProject report (Canada. Meteorological Applications Branch) ; |vno. 30
500 |aDigitized edition from print [produced by Environment and Climate Change Canada].
500 |a"Prepared for Parks Canada, Department of Indian and Northern Affairs by the Atmospheric Environment Service, Department of the Environment, Canada."
504 |aIncludes bibliographical references (pages 231-241).
651 0|aBanff National Park (Alta.)|xClimate.
651 0|aJasper National Park (Alta.)|xClimate.
651 0|aYoho National Park (B.C.)|xClimate.
651 0|aKootenay National Park (B.C.)|xClimate.
651 6|aParc national de Banff (Alb.)|xClimat.
651 6|aParc national de Jasper (Alb.)|xClimat.
651 6|aParc national de Yoho (C.-B.)|xClimat.
651 6|aParc national Kootenay (C.-B.)|xClimat.
7101 |aCanada. |bMeteorological Applications Branch. |bApplications and Consultation Division, |eissuing body.
7102 |aParks Canada, |eissuing body.
7101 |aCanada.|bIndian and Northern Affairs, |eissuing body.
7101 |aCanada. |bAtmospheric Environment Service, |eissuing body.
830#0|aProject report (Canada. Meteorological Applications Branch)|vno. 30.|w(CaOODSP)9.883702
85640|qPDF|s313,755 KB|uhttps://publications.gc.ca/collections/collection_2025/eccc/en57/En57-46-30-eng.pdf